Statistics for French Open Champions

Click here to take the quiz!

General Stats

  • This quiz has been taken 95 times
    (72 since last reset)
  • The average score is 35 of 56

Answer Stats

YearPlayer% Correct
2023Novak Djokovic
98%
2021Novak Djokovic
98%
2016Novak Djokovic
98%
2022Rafael Nadal
98%
2007Rafael Nadal
98%
2005Rafael Nadal
98%
2008Rafael Nadal
98%
2010Rafael Nadal
98%
2011Rafael Nadal
98%
2020Rafael Nadal
98%
2012Rafael Nadal
98%
2017Rafael Nadal
98%
2013Rafael Nadal
98%
2018Rafael Nadal
98%
2006Rafael Nadal
98%
2014Rafael Nadal
98%
2019Rafael Nadal
98%
2009Roger Federer
90%
1999Andre Agassi
88%
1975Björn Borg
81%
1974Björn Borg
81%
1981Björn Borg
81%
1980Björn Borg
81%
1979Björn Borg
81%
1978Björn Borg
81%
2015Stan Wawrinka
71%
1969Rod Laver
64%
1987Ivan Lendl
57%
1984Ivan Lendl
57%
1986Ivan Lendl
57%
1985Mats Wilander
50%
1988Mats Wilander
50%
1982Mats Wilander
50%
1997Gustavo Kuerten
45%
2000Gustavo Kuerten
45%
2001Gustavo Kuerten
45%
1989Michael Chang
45%
2003Juan Carlos Ferrero
40%
1977Guillermo Vilas
38%
1992Jim Courier
38%
1991Jim Courier
38%
1995Thomas Muster
38%
1998Carlos Moyá
36%
1973Ilie Năstase
33%
1993Sergi Bruguera
33%
1994Sergi Bruguera
33%
2002Albert Costa
31%
2004Gastón Gaudio
31%
1983Yannick Noah
31%
1996Jewgeni Kafelnikow
26%
1990Andrés Gómez
24%
1968Ken Rosewall
24%
1971Jan Kodeš
21%
1970Jan Kodeš
21%
1976Adriano Panatta
14%
1972Andrés Gimeno
10%

Score Distribution

Percentile by Number Answered

Percent of People with Each Score

Your Score History

You have not taken this quiz since the last reset